American party process: Readings and comments (Record no. 220498)

MARC details
000 -LEADER
fixed length control field 00383nam a2200145Ia 4500
008 - FIXED-LENGTH DATA ELEMENTS--GENERAL INFORMATION
fixed length control field 230917s9999||||xx |||||||||||||| ||und||
040 ## - CATALOGING SOURCE
-- 4208
Original cataloging agency VIVEKANANDA LIBRARY
041 ## - Language
-- English
082 ## - DDC NUMBER
Classification number 329.973 Z83A
100 ## - MAIN ENTRY--PERSONAL NAME
Personal name Zucker, Norman L
245 #0 - TITLE STATEMENT
Title American party process: Readings and comments
260 ## - PUBLICATION, DISTRIBUTION, ETC. (IMPRINT)
Place of publication, distribution, etc New York
Name of publisher, distributor, etc Dodd, Mead & Company
Date of publication, distribution, etc 1968
300 ## - PHYSICAL DESCRIPTION
Pages v, 523 p.
942 ## - ADDED ENTRY ELEMENTS (KOHA)
Koha item type Books
Holdings
Withdrawn status Lost status Damaged status Not for loan Location (home branch) Sublocation or collection (holding branch) Date acquired Koha issues (times borrowed) Koha full call number Accession No. Koha date last seen Koha item type
        VIVEKANANDA LIBRARY VIVEKANANDA LIBRARY 08/08/2002   329.973 Z83A 85966 17/09/2023 Books
© Designed and Maintained by Vivekananda Library, MDU Rohtak